Normal view
MARC view
- objectives of inventory management; business environments affect inventory
Entry Topical Term
001 - CONTROL NUMBER
- control field: 9271
003 - CONTROL NUMBER IDENTIFIER
- control field: NUST
005 - DATE AND TIME OF LATEST TRANSACTION
- control field: 20180120152047.0
008 - FIXED-LENGTH DATA ELEMENTS
- fixed length control field: 180120|| aca||aabn | a|a d
040 ## - CATALOGING SOURCE
- Original cataloging agency: NUST
- Transcribing agency: NUST
150 ## - HEADING--TOPICAL TERM
- Topical term or geographic name entry element: objectives of inventory management; business environments affect inventory
- : necessory inventory levels
670 ## - SOURCE DATA FOUND
- Source citation: Work cat.: (NUST)327386: David Viale, J. 9270, Basics of Inventory Management; from warehouse to distribution center, 1996
